|
|
|
|
| LEADER |
01431noc a2200277 i 4500 |
| 001 |
eta2437 |
| 005 |
20260305141957.0 |
| 008 |
200325s2019 hu o 000 hun d |
| 040 |
|
|
|a SZTE Elektronikus Tananyag Archívum
|b hun
|
| 041 |
|
|
|a hun
|
| 100 |
2 |
|
|a Máté-Tóth András
|
| 245 |
1 |
2 |
|a A buddhizmustól az ateizmusig
|h [elektronikus dokumentum] :
|b ateizmus. Bevezetés a vallástudományba : ateizmus /
|c Máté-Tóth András
|
| 246 |
1 |
0 |
|a From buddhism to atheism : atheism
|h [elektronikus dokumentum]
|
| 260 |
|
|
|c 2019-12
|
| 650 |
|
4 |
|a Bölcsészettudományok
|
| 650 |
|
4 |
|a Filozófia, etika és vallástudományok
|
| 650 |
|
4 |
|a Vallástudományok
|
| 650 |
|
4 |
|a Vallástörténet
|
| 700 |
0 |
2 |
|a Máté-Tóth András
|
| 700 |
0 |
2 |
|a Barcsa Krisztina
|
| 700 |
0 |
1 |
|a Barcsa Krisztina
|e aut
|
| 856 |
4 |
0 |
|u https://eta.bibl.u-szeged.hu/2437/14/EFOP343_AP6-BTK1_Buddhizmustol_ateizmusig_ateizmus_VT_Tanszek_20191217.mp4
|z Dokumentum-elérés
|
| 856 |
4 |
0 |
|u https://eta.bibl.u-szeged.hu/2437/2/EFOP343_AP6-BTK1_Buddhizmustol_ateizmusig_ateizmus_szoveges_melleklet_VT_Tanszek_20191217.pdf
|z Dokumentum-elérés
|
| 856 |
4 |
0 |
|u https://eta.bibl.u-szeged.hu/2437/8/EFOP343_AP6-BTK1_Buddhizmustol_ateizmusig_ateizmus_ppt_melleklet_VT_Tanszek_20191217.pdf
|z Dokumentum-elérés
|
| 856 |
4 |
0 |
|u https://eta.bibl.u-szeged.hu/2437/15/felirat.vtt
|z Dokumentum-elérés
|
| 856 |
4 |
0 |
|u https://eta.bibl.u-szeged.hu/2437/16/felirat.html
|z Dokumentum-elérés
|